000 00362nam a2200145Ia 4500
005 20250729165341.0
008 250729s2005 xx 000 0 und d
041 _aeng
082 _a370 BALE
100 _aBalan K
_9221551
245 _aEducation And Employment
260 _aNew Delhi
_bA P H Publishing
_c2005
300 _a103p
650 _aEducation
_9221552
999 _c235065
_d235065